000 00791cam a22002413a 4500
001 23201
003 PGUSA
005 20140828083508.0
008 071026s2007||||xxu|||||s|||||000 | eng d
040 _aPGUSA
_beng
042 _adc
050 4 _aF2501
100 1 _aRebouças, Antonio Pereira,
_d1798-1880
245 1 0 _aApontamentos sobre a via de communicação do rio Madeira
_h[electronic resource] /
_cAntonio Pereira Rebouças
260 _bProject Gutenberg,
_c2007
506 _aPublic domain in the USA.
516 _aElectronic text
653 _aMadeira River (Brazil and Bolivia) -- Navigation
740 0 _aApontamentos sobre a via de comunicação do rio Madeira
830 0 _aProject Gutenberg
_v23201
856 4 0 _uhttp://www.gutenberg.org/ebooks/23201
942 _cEB
999 _c252456
_d252456